| 000 | 00406nam a22001577a 4500 | ||
|---|---|---|---|
| 005 | 20251108165949.0 | ||
| 008 | 250721s9999 xx 000 0 ara d | ||
| 082 | 1 | 4 | _aق/هيج |
| 100 | 1 | _aهيجو، فيكتور | |
| 245 | 1 | 0 | _aعمال البحر / |
| 264 | 1 |
_aدمشق : _bدار أسامه، _c[19-]. |
|
| 300 | _a239ص | ||
| 650 | 1 | 7 | _aالأدب القصصي |
| 942 |
_2ddc _cBK |
||
| 999 |
_c36045 _d36045 |
||